The otter who wanted to know (Record no. 311)

MARC details
000 -LEADER
fixed length control field 01016nam a22002297a 4500
001 - CONTROL NUMBER
control field 311
003 - CONTROL NUMBER IDENTIFIER
control field FISKH
005 - DATE AND TIME OF LATEST TRANSACTION
control field 20230320113249.0
008 - FIXED-LENGTH DATA ELEMENTS--GENERAL INFORMATION
fixed length control field 230320b cb ||||| |||| 00| 0 eng d
020 ## - INTERNATIONAL STANDARD BOOK NUMBER
International Standard Book Number 9781405271943
040 ## - CATALOGING SOURCE
Original cataloging agency FISKH
Language of cataloging eng
Transcribing agency FISKH
Modifying agency FISKH
050 ## - LIBRARY OF CONGRESS CALL NUMBER
Classification number PE1119
082 ## - DEWEY DECIMAL CLASSIFICATION NUMBER
Classification number 823.914
100 ## - MAIN ENTRY--PERSONAL NAME
Personal name Tomlinson, Jill
Dates associated with a name 1931-1976
245 ## - TITLE STATEMENT
Title The otter who wanted to know
260 ## - PUBLICATION, DISTRIBUTION, ETC.
Place of publication, distribution, etc. London
Name of publisher, distributor, etc. Egmont
Date of publication, distribution, etc. 2014
300 ## - PHYSICAL DESCRIPTION
Extent 86 p.
Dimensions 20 cm.
520 ## - SUMMARY, ETC.
Summary, etc. The story of an otter who learns to figure things out for herselfPat is an adorable little sea otter. She likes turning up her toes and floating in the sea, chasing fish, and asking a hundred and one questions. One day Pat's quiet life is turned upside down when she gets caught up in a pretty scary adventure. Suddenly she doesn't have time to ask any questions, and even if she did, no one would know the answers. This time Pat just has to find things out for herself.
521 8# - TARGET AUDIENCE NOTE
Target audience note 590 <br/>
Source Lexile
521 8# - TARGET AUDIENCE NOTE
Target audience note K<br/>
Source Raz-Plus
942 ## - ADDED ENTRY ELEMENTS (KOHA)
Source of classification or shelving scheme Dewey Decimal Classification
Koha item type Books
Suppress in OPAC No
Holdings
Withdrawn status Lost status Source of classification or shelving scheme Damaged status Not for loan Collection Home library Current library Shelving location Date acquired Total Checkouts Full call number Barcode Date last seen Price effective from Koha item type
    Dewey Decimal Classification     Juvenile Fiction Footprints International School Library Network Toul Kork Campus Footprints International School Library Network Toul Kork Campus TK Primary Library Room(4th Floor), Bookcase 3&4, Shelves 17-32, Yellow Books 03/20/2023   TOM 823.914 PE1119 FISTK05890 03/20/2023 03/20/2023 Books